000 00701nam a2200265 a 4500
003 AR-BaBNM
005 20251128205446.0
008 082120s2002 ||||||||||||||000 | spa||
020 _a950-556-205-5
040 _cAR-BaBNM
100 1 _aCastillo, Abelardo
245 0 0 _aIsrafel
_bdrama en dos actos y dos tabernas, sobre la vida de Edgar Poe
250 _a4ยช ed.
260 _aBuenos Aires
_bGalerna
_c1987
300 _a106 p.
650 4 _aLITERATURA ARGENTINA
650 4 _aLITERATURA CONTEMPORANEA
650 4 _aTEATRO
650 4 _aVIDA LITERARIA
650 4 _aBIOGRAFIAS
655 _aLITERATURA
700 1 _aGuibourg, Edmundo
_eprologuista
942 _cBK
998 _cMARTIN
999 _c11488
_d11488